000 00420cam a22001337a 4500
008 180718b1960 xxu||||| |||| 00| 0 eng d
082 _aV431x54 Sa89
100 _aSovani, N.V.
245 _aEconomics of a mulitiple- purpose river dam
_cby N.V. Sovani and Nilakanth Rath
260 _aPoona
_bGokhale Institute of Politics and Economics
_c1960
300 _axvi, 389p.
650 _aEconomics
700 _aRath, Nilakanth
999 _c435965
_d435965